000 00519nam a2200169Ia 4500
008 231217s9999 xx 000 0 und d
020 _a817635323x
041 _aEnglish
082 _a001.6424JAV JAW;1 R
100 _aJaworski, Jamie.
245 0 _aTraining guide Java 2 certification : covers exams 310-025, 310-027, 310-050
250 _a1st ed.
260 _c1999
_bTechmedia
_aNew Delhi
300 _axix, 612
650 _aTraining,Java,certification,covers,exams,310-025,,310-027,,310-050
942 _cAA
999 _c196564
_d196564